| 000 | 00503nam a2200169Ia 4500 | ||
|---|---|---|---|
| 003 | GCL | ||
| 008 | 140319s9999 xx 000 0 ara d | ||
| 040 |
_aGCL / _cGCL |
||
| 082 | 0 | 4 |
_aق _b932 _bم م |
| 245 | 1 | 0 | _aمنطقة اثار دهشور |
| 260 |
_aالقاهرة : _bالمجلس الاعلى للاثار ، _c0 |
||
| 300 |
_a ؛ _c16 سم |
||
| 650 | 0 | 4 | _aالاثار الفرعونية |
| 650 | 0 | 4 | _aمصر القديمة - تاريخ |
| 650 | 0 | 4 | _aدهشور - اثار |
| 942 |
_2ddc _cBK |
||
| 999 |
_c57934 _d57934 |
||